Сини землі (Запис № 371018)

МАРК-запис
000 -LEADER
fixed length control field 00799nam a22002537a 4500
001 - CONTROL NUMBER
control field 84699
003 - CONTROL NUMBER IDENTIFIER
control field UA-OsUOA
005 - DATE AND TIME OF LATEST TRANSACTION
control field 20240131095648.0
007 - PHYSICAL DESCRIPTION FIXED FIELD--GENERAL INFORMATION
fixed length control field ta
008 - FIXED-LENGTH DATA ELEMENTS--GENERAL INFORMATION
fixed length control field 20120607b un ||||| |||| 00| 0 ukr d
040 ## - CATALOGING SOURCE
Original cataloging agency UA-OsUOA
Language of cataloging ukr
Transcribing agency UA-OsUOA
Modifying agency UA-OsUOA
041 ## - LANGUAGE CODE
Language code of text/sound track or separate title ukr
080 ## - UNIVERSAL DECIMAL CLASSIFICATION NUMBER
Universal Decimal Classification number 821.161.2
090 ## - LOCALLY ASSIGNED LC-TYPE CALL NUMBER (OCLC); LOCAL CALL NUMBER (OCLC)
Classification number (OCLC) (R) ; Classification number, CALL (RLIN) (NR) 821.161.2
Local cutter number (OCLC) ; Book number/undivided call number, CALL (RLIN) К43
100 ## - MAIN ENTRY--PERSONAL NAME
Personal name Киріяк І.
9 (RLIN) 16
245 ## - TITLE STATEMENT
Title Сини землі
Remainder of title повість з українського життя в Канаді
260 ## - PUBLICATION, DISTRIBUTION, ETC. (IMPRINT)
Place of publication, distribution, etc Едмонтон
Date of publication, distribution, etc 1939
300 ## - PHYSICAL DESCRIPTION
Extent 352 с.
505 ## - FORMATTED CONTENTS NOTE
Miscellaneous information Т. 2
650 #7 - SUBJECT ADDED ENTRY--TOPICAL TERM
Topical term or geographic name as entry element 821 Художня література окремими мовами і мовними сім'ями
Source of heading or term UDC
9 (RLIN) 17
942 ## - ADDED ENTRY ELEMENTS (KOHA)
Koha item type Книги
Source of classification or shelving scheme Universal Decimal Classification
955 ## - COPY-LEVEL INFORMATION (RLIN)
Classification number, CCAL (RLIN) Літературно-художні видання
Фонди
Withdrawn status Lost status Source of classification or shelving scheme Damaged status Not for loan Collection code Home library Current library Date acquired Source of acquisition Cost, normal purchase price Serial Enumeration / chronology Inventory number Full call number Barcode Date last seen Price effective from Koha item type Total Checkouts
    Universal Decimal Classification     Колекція бібліотеки інституту Св. Івана АБ - Абонемент НБ АБ - Абонемент НБ 07/06/2012 48/2012 8.00 Т. 2 138969 821.161.2 К43 138969 11/02/2022 07/06/2012 Книги  
    Universal Decimal Classification       АБ - Абонемент НБ АБ - Абонемент НБ 12/11/2012     Т. 2 50861 821.161.2 К43 50861 29/03/2022 07/06/2012 Книги  
    Universal Decimal Classification       АБ - Абонемент НБ АБ - Абонемент НБ 12/11/2012     Т. 2 51001 821.161.2 К43 51001 29/03/2022 07/06/2012 Книги  
    Universal Decimal Classification       Наукова бібліотека ІДУД Наукова бібліотека ІДУД 25/11/2011 251/2011 1.00 Т. 2 2132423 09.-82-31 К43 2132423 14/09/2019 25/11/2011 Книги  
    Universal Decimal Classification     Колекція бібліотеки інституту Св. Івана ЧЗ - Читальна зала ЧЗ - Читальна зала 31/01/2022     Т. 2   821.161.2 К43 93188 31/01/2024 31/01/2024 Книги